| 000 | 01167 a2200181 4500 | ||
|---|---|---|---|
| 003 | Nust | ||
| 005 | 20170207154318.0 | ||
| 010 | _a 2005047075 | ||
| 020 | _a9780521837163 | ||
| 040 | _cNust | ||
| 082 | 0 | 0 | _a621.382 |
| 100 | 1 | _aGoldsmith, Andrea, | |
| 245 | 1 | 0 |
_aWireless communications (E-Book) _cAndrea Goldsmith. |
| 260 |
_aCambridge ; _aNew York : _bCambridge University Press, _c2005. |
||
| 300 |
_axxviii, 644 p. : _bill. ; _c26 cm. |
||
| 505 | _aOverview of Wireless Communications (Page-1),Path Loss and Shadowing (Page-24),Statistical Multipath Channel Models (Page-58),Capacity of Wireless Channels (Page-91),Digital Modulation and Detection (Page-116),Performance of Digital Modulation over Wireless Channels (Page-159), Diversity (Page-190),Coding for Wireless Channels (Page-213),Adaptive Modulation and Coding (Page-263),Multiple Antennas and Space-Time Communications (Page-299),Equalization (Page-327),Multicarrier Modulation (Page-350),Spread Spectrum (Page-378),Multiuser Systems (Page-422),Cellular Systems and Infrastructure-Based Wireless Networks (Page-470),Ad Hoc Wireless Networks (Page-499). | ||
| 650 | 0 | _aTelecommunications engineering - (E-BOOK) | |
| 942 |
_2ddc _cBK |
||
| 999 |
_c196658 _d196658 |
||